| 000 | 00364nam a22001457a 4500 | ||
|---|---|---|---|
| 999 |
_c8077 _d8077 |
||
| 003 | OSt | ||
| 005 | 20200706111907.0 | ||
| 008 | 200706b ||||| |||| 00| 0 eng d | ||
| 020 | _a9781864705140 | ||
| 082 |
_a724.7 _bPAK |
||
| 100 | _aPak, Chin-ho | ||
| 245 | _aGraft in architecture : recreating spaces | ||
| 260 |
_aKorea _bImages Publishing _c2013 |
||
| 942 | _2ddc | ||